000 00994nac a22002897a 4500
001 BR6000862
003 BR-BrBNA
005 20240105112955.0
008 230509b bl.|||m| |||| 00| 0 por d
040 _aBR-BrBNA
_bpor
_cBiblioteca Nacional de Agricultura
072 _aL00; L73
090 _a5100 BR6000862
110 1 _aSecretaria da Agricultura, Porto Alegre, RS (Brasil). Depto. da Producao Animal
_98481
245 1 _aRelatorio. Atividades 1969 [Secretaria da Agricultura. Depto. da Producao Animal, Rio Grande do Sul, Brasil]
260 3 _aPorto Alegre, RS (Brasil):
_c1969.
300 _a246 p.
490 _aRelatorio - Secretaria da Agricultura. Depto. da Producao Animal (Brazil)
_v
_x
650 _aEQUINO
650 _aAVE DOMESTICA
650 _aPROFILAXIA
650 _aINSPECAO SANITARIA
650 _aDEFESA ANIMAL
650 _aASSISTENCIA TECNICA
650 _aRIO GRANDE DO SUL
909 _a202312
_bLúcia Elande
_c55
_dLúcia Elande
942 _2AGRIS
_n0
_cMS
999 _c261217
_d261217